01473cam a2200373Ia 450000100090000000300060000900500170001500800410003201000130007302000150008602000180010103500150011904000390013404100130017305000230018608200170020910000310022624000320025724501000028925000150038926000450040430000250044949000470047450001110052150001100063250400520074265000300079470000490082470000170087370000520089070000220094270000720096483000630103657467393OCoLC20190116181030.0050121s1969 pau b 001 0 eng d a76079870 a0664241581 a9780664241582 a.b36449064 aUNAcUNAdOCLCQdBAKERdOCLCQdOSU1 aenghlat 4aBJ1460b.L813 197804a234.9bL973l1 aLuther, Martin,d1483-154610aDe servo arbitrio.lEnglish10aLuther and Erasmus :bfree will and salvationceditted by E. Gordon Rupp and Philip S. Watson. aIchthus ed aPhiladelphia :bWestminster Press,c1969 axiv, 348 p. ;c24 cm1 aThe Library of Christian classics ;vv. 17 a"Erasmus: De libero arbitrio, translated and edited by E. Gordon Rupp, in collaboration with A.N. Marlow." a"Luther: De servo arbitrio, translated and edited by Philip S. Watson, in collaboration with B. Drewery." aIncludes bibliographical references and indexes 0aFree will and determinism1 aRupp, E. Gordonq(Ernest Gordon),d1910-19861 aMarlow, A. N1 aWatson, Philip S.q(Philip Saville),d1909-19831 aDrewery, Benjamin1 aErasmus, Desiderius,d-1536.tDe libero arbitrio diatribe.lEnglish 0aLibrary of Christian classics (Philadelphia, Pa.) ;vv. 17